[Event "Int. Stuttgarter Stadtmeisterschaft A"]
[Site "Ditzingen"]
[Date "2016.05.07"]
[Round "5.8"]
[White "Schönberger, Peter"]
[Black "Kröger, Fabian"]
[Result "0-1"]
[WhiteElo "2088"]
[BlackElo "2170"]
[PlyCount "150"]
[EventDate "2016.??.??"]
[WhiteTeam "SCHWARMSTE"]
[BlackTeam "SC Kreut"]

1. e4 c5 2. c3 d6 3. d4 Nf6 4. Bd3 g6 5. Nf3 Bg7 6. O-O O-O 7. Re1 cxd4 8. cxd4
Bg4 9. Nbd2 Nc6 10. h3 Bxf3 11. Nxf3 Nd7 12. Be3 Qa5 13. Qb3 Qb4 14. Qc4 Nb6
15. Qc3 Na4 16. Qb3 Qxb3 17. axb3 Nb6 18. Rec1 d5 19. exd5 Nxd5 20. Be4 Rfd8
21. Rc5 e6 22. Bxd5 Rxd5 23. Rxd5 exd5 24. Rc1 Rd8 25. Kf1 f6 26. Ke2 Bf8 27.
Bd2 Rd7 28. Be3 Bb4 29. Ne1 Bxe1 30. Kxe1 Kf7 31. Kd2 Re7 32. Rc5 Ke6 33. Kc3
Rc7 34. Kd2 b6 35. Rc3 Kd7 36. Ke2 Rc8 37. Kd1 Re8 38. Kd2 Re4 39. Kd3 h5 40.
g3 g5 41. Rc1 Re8 42. Rh1 Ne7 43. b4 Rc8 44. h4 g4 45. Ra1 Nc6 46. Bd2 b5 47.
Bc3 Re8 48. Rf1 Re4 49. Ra1 f5 50. Rf1 a5 51. bxa5 b4 52. Bd2 Rxd4+ 53. Kc2
Nxa5 54. b3 Re4 55. Ra1 Nc6 56. Kd1 Re8 57. Ra4 Rb8 58. Kc2 Rb5 59. Ra8 Kd6 60.
Bf4+ Kc5 61. Rh8 Kd4 62. Rxh5 Ke4 63. Rh8 Nd4+ 64. Kb2 Rc5 65. Re8+ Kf3 66. Be3
Rc2+ 67. Kb1 Re2 68. Rf8 Nxb3 69. Rxf5+ Ke4 70. Rf4+ Kd3 71. Rxb4 Kc3 72. Rxb3+
Kxb3 73. h5 Re1+ 74. Bc1 Rh1 75. h6 d4 0-1

[Event "Int. Stuttgarter Stadtmeisterschaft A"]
[Site "Ditzingen"]
[Date "2016.05.07"]
[Round "5.9"]
[White "Schwab, Matthias"]
[Black "Tuncer, Ufuk"]
[Result "1/2-1/2"]
[WhiteElo "2126"]
[BlackElo "2292"]
[PlyCount "34"]
[EventDate "2016.??.??"]
[WhiteTeam "SC Böblingen"]
[BlackTeam "SK Sontheim/Brenz"]

1. d4 Nf6 2. c4 g6 3. Nc3 Bg7 4. e4 d6 5. Nf3 O-O 6. Be2 e5 7. dxe5 dxe5 8.
Qxd8 Rxd8 9. Nd5 Nxd5 10. cxd5 c6 11. Bc4 b5 12. Bb3 Bb7 13. Bg5 Rd7 14. Rc1
cxd5 15. Bxd5 Na6 16. Bxb7 Rxb7 17. Ke2 Nc7 1/2-1/2

[Event "Int. Stuttgarter Stadtmeisterschaft A"]
[Site "Ditzingen"]
[Date "2016.05.07"]
[Round "5.10"]
[White "Neyman, Igor"]
[Black "Jussupow, Nadia"]
[Result "1/2-1/2"]
[WhiteElo "2262"]
[BlackElo "2106"]
[PlyCount "50"]
[EventDate "2016.??.??"]
[WhiteTeam "Stuttgarter SF"]
[BlackTeam "SK Krumbach"]

1. d4 g6 2. c4 Bg7 3. Nf3 d6 4. Nc3 f5 5. g3 Nf6 6. Bg2 O-O 7. O-O Qe8 8. b3 c5
9. Bb2 Na6 10. dxc5 Nxc5 11. b4 Nce4 12. Rc1 Be6 13. Nxe4 Nxe4 14. Bxg7 Kxg7
15. Nd2 Nf6 16. a3 Qd7 17. Nb3 Rac8 18. Qd3 Bg8 19. Rfd1 Rfd8 20. Rc3 e5 21.
Rdc1 d5 22. cxd5 e4 23. Qd4 Rxc3 24. Rxc3 Qxd5 25. Rc7+ Rd7 1/2-1/2

[Event "Int. Stuttgarter Stadtmeisterschaft A"]
[Site "Ditzingen"]
[Date "2016.05.07"]
[Round "5.11"]
[White "Denisow, Jewgeny"]
[Black "Hoeschele, Hans-Ulrich"]
[Result "1-0"]
[WhiteElo "2222"]
[BlackElo "2012"]
[PlyCount "109"]
[EventDate "2016.??.??"]
[WhiteTeam "SG Schwäbisch Gmünd"]
[BlackTeam "Stuttgarter SF"]

1. e4 e5 2. Nf3 Nc6 3. d4 exd4 4. Bc4 d6 5. Nxd4 Nxd4 6. Qxd4 Qf6 7. Qd1 Be6 8.
Bb5+ c6 9. Be2 Qg6 10. O-O Nf6 11. Bd3 Qh5 12. Qe1 Ng4 13. h3 Ne5 14. Be2 Qg6
15. f4 Bxh3 16. Qf2 Ng4 17. f5 Qf6 18. Qf3 Qd4+ 19. Kh1 Bxg2+ 20. Kxg2 h5 21.
Nc3 Be7 22. Bf4 O-O-O 23. Rad1 Qb4 24. Rb1 Bf6 25. a3 Qc5 26. Qg3 Ne5 27. Qe3
Qxe3 28. Bxe3 a6 29. Rh1 h4 30. Kh3 Rdg8 31. Rbd1 Kc7 32. Rhg1 g5 33. fxg6 Rxg6
34. Rxg6 fxg6 35. Rf1 Bd8 36. Bd4 Re8 37. Rf2 g5 38. Bxe5 Rxe5 39. Rf7+ Be7 40.
Bg4 b5 41. Rf4 a5 42. Bf3 b4 43. axb4 axb4 44. Nd1 Re6 45. Rf7 Kb6 46. Nf2 b3
47. c3 Rf6 48. Bh5 Re6 49. Rf5 d5 50. exd5 cxd5 51. Rxd5 Re3+ 52. Kg2 Rg3+ 53.
Kf1 Bc5 54. Rxc5 Kxc5 55. Ne4+ 1-0

[Event "Int. Stuttgarter Stadtmeisterschaft A"]
[Site "Ditzingen"]
[Date "2016.05.07"]
[Round "5.12"]
[White "Maisch, Julian"]
[Black "Aring, Gerd"]
[Result "1/2-1/2"]
[WhiteElo "2108"]
[BlackElo "2192"]
[PlyCount "103"]
[EventDate "2016.??.??"]
[WhiteTeam "SF Kornwestheim"]
[BlackTeam "SV Nürtingen"]

1. e4 d6 2. d4 g6 3. Be3 Bg7 4. f3 Nd7 5. Qd2 e5 6. Nc3 Ngf6 7. O-O-O exd4 8.
Bxd4 O-O 9. g4 a6 10. h4 h5 11. g5 Ne8 12. f4 b5 13. Bh3 Bb7 14. Nge2 Bxd4 15.
Qxd4 c5 16. Qf2 b4 17. Nd5 Nc7 18. Nxc7 Qxc7 19. Ng3 c4 20. Qd4 c3 21. Bxd7
cxb2+ 22. Kxb2 Qxd7 23. f5 Qa4 24. Rd3 Rac8 25. Rb3 Qc6 26. Rh2 a5 27. Rd2 Rcd8
28. Rf3 Qc5 29. Rfd3 Qxd4+ 30. Rxd4 Rfe8 31. a3 bxa3+ 32. Kxa3 Kf8 33. c4 Re5
34. Rb2 Bc6 35. Rb6 Rc5 36. f6 Ke8 37. Ra6 Bb7 38. Rb6 Bc6 39. Nf1 Kd7 40. Rb3
Re8 41. Nd2 Rce5 42. Rbd3 R8e6 43. Nb3 Kc7 44. Re3 Bxe4 45. c5 dxc5 46. Nxc5
Rxc5 47. Rdxe4 Rxe4 48. Rxe4 Kd6 49. Re7 Rc7 50. Re4 Rc5 51. Re7 Rc7 52. Re4
1/2-1/2

[Event "Int. Stuttgarter Stadtmeisterschaft A"]
[Site "Ditzingen"]
[Date "2016.05.07"]
[Round "5.13"]
[White "Germer, Philipp"]
[Black "Karimi, Farhad"]
[Result "0-1"]
[WhiteElo "2180"]
[BlackElo "2095"]
[PlyCount "102"]
[EventDate "2016.??.??"]
[WhiteTeam "SC Oberwinden"]
[BlackTeam "Satranç Club"]

1. e4 c5 2. Nf3 Nc6 3. d4 cxd4 4. Nxd4 e5 5. Nb5 d6 6. N1c3 a6 7. Na3 b5 8. Nd5
Nce7 9. c4 Nxd5 10. exd5 bxc4 11. Nxc4 Be7 12. Bd2 Nf6 13. Ba5 Qd7 14. Nb6 Qd8
15. Nxa8 Qxa5+ 16. Qd2 Qxd2+ 17. Kxd2 Bd8 18. Rc1 Kd7 19. g3 g5 20. Bd3 e4 21.
Bc2 Ba5+ 22. Ke2 Ke7 23. h3 Bd7 24. b4 Bxb4 25. Nc7 Rc8 26. Nxa6 Bb5+ 27. Kd1
Bxa6 28. a3 Bxa3 29. Ra1 Be2+ 30. Kxe2 Rxc2+ 31. Kd1 Rc3 32. Re1 Bc5 33. Re2
Rd3+ 34. Ke1 Rxd5 35. Rb2 Rf5 36. Ra8 Ke6 37. Rf8 Nd7 38. Re8+ Kd5 39. Rd2+ Bd4
40. Ra8 Nc5 41. Ra5 Kc4 42. Rc2+ Kb4 43. Ra8 Nd3+ 44. Kd1 Nxf2+ 45. Ke2 Rb5 46.
Rc1 Nd3 47. Rc2 f5 48. Rac8 Bc5 49. Re8 Kb3 50. Kd1 Ra5 51. Rb8+ Bb4 0-1

[Event "Int. Stuttgarter Stadtmeisterschaft A"]
[Site "Ditzingen"]
[Date "2016.05.07"]
[Round "5.14"]
[White "Shahin, Walid"]
[Black "Hubel, Merten"]
[Result "1-0"]
[WhiteElo "2140"]
[BlackElo "2061"]
[PlyCount "89"]
[EventDate "2016.??.??"]
[WhiteTeam "SK Weilheim"]
[BlackTeam "SF Birkenfeld"]

1. d4 d5 2. Nf3 e6 3. c4 c5 4. e3 Nf6 5. Nc3 Nc6 6. a3 Ne4 7. Bd3 f5 8. O-O Be7
9. cxd5 exd5 10. Bd2 O-O 11. dxc5 Bf6 12. Na4 Bd7 13. Rc1 Qe8 14. Bc2 Rd8 15.
b4 g5 16. Bb3 g4 17. Ne1 Ne5 18. Nc3 Nxd2 19. Qxd2 Be6 20. Ne2 Nc4 21. Qa2 Be5
22. Nd3 Rf6 23. Ndf4 Rh6 24. Ng3 Bxf4 25. exf4 Qe7 26. Rfe1 Qc7 27. Rcd1 a5 28.
Re2 Ra8 29. Rde1 Qd7 30. b5 Rc8 31. Bxc4 dxc4 32. Re5 Rf6 33. Qc2 Kf7 34. Qc3
Qd3 35. Qxa5 c3 36. R5e3 Qd4 37. Rxc3 Rxc5 38. Rxc5 Qxc5 39. Qd8 Qc8 40. Qd4
Qc4 41. Qb6 Bd5 42. Qd8 Kg6 43. Nh5 Kxh5 44. Qxf6 Qxf4 45. Qe5 1-0

[Event "Int. Stuttgarter Stadtmeisterschaft A"]
[Site "Ditzingen"]
[Date "2016.05.07"]
[Round "5.15"]
[White "Marzev, Ivan"]
[Black "Schulte, Torsten"]
[Result "0-1"]
[WhiteElo "1991"]
[BlackElo "2139"]
[PlyCount "58"]
[EventDate "2016.??.??"]
[WhiteTeam "SG Ludwigsburg"]

1. d4 Nf6 2. c4 e6 3. Nf3 b6 4. g3 Ba6 5. Qc2 Bb4+ 6. Bd2 Be7 7. Bg2 O-O 8. O-O
c6 9. Ne5 d5 10. Rd1 Nfd7 11. Nxd7 Nxd7 12. b3 Rc8 13. e4 c5 14. dxc5 dxc4 15.
Bc3 Qc7 16. Qb2 Bf6 17. b4 Bxc3 18. Nxc3 bxc5 19. b5 Bb7 20. f4 Rfd8 21. a4 Nf6
22. Qe2 Rd4 23. b6 Qxb6 24. Nb5 Rd3 25. Rxd3 cxd3 26. Qxd3 a6 27. Qd6 Qa5 28.
Qe7 axb5 29. Qxb7 Qd8 0-1

[Event "Int. Stuttgarter Stadtmeisterschaft A"]
[Site "Ditzingen"]
[Date "2016.05.07"]
[Round "5.16"]
[White "Wenner, Tobias"]
[Black "Lüdke, Joshua"]
[Result "0-1"]
[WhiteElo "2136"]
[BlackElo "1934"]
[PlyCount "88"]
[EventDate "2016.??.??"]
[WhiteTeam "SC Eppingen"]
[BlackTeam "SV Marbach"]

1. Nf3 d5 2. c4 c6 3. g3 Nf6 4. Bg2 dxc4 5. a4 a5 6. Na3 Qd5 7. Qc2 Be6 8. O-O
Na6 9. Qc3 Qc5 10. Ne5 Bd5 11. Naxc4 Bxg2 12. Kxg2 Nb4 13. d4 Qa7 14. f3 e6 15.
e4 Be7 16. Be3 Qa6 17. Rfd1 O-O 18. Nd3 Nbd5 19. exd5 Nxd5 20. Qd2 Qxc4 21. Nc5
Qc2 22. Bf2 Qxd2 23. Rxd2 b6 24. Nd7 Rfd8 25. Ne5 Nb4 26. Re2 Bd6 27. Rc1 Bxe5
28. dxe5 c5 29. Be1 Nd3 30. Rcc2 Nxe1+ 31. Rxe1 Rd4 32. b3 Rad8 33. Kf2 Rd3 34.
Re3 Rd2+ 35. Rxd2 Rxd2+ 36. Re2 Rd5 37. f4 Kf8 38. Re3 Ke7 39. Ke2 h5 40. g4
hxg4 41. Kf2 f5 42. exf6+ gxf6 43. Kg3 f5 44. Kh4 Kf6 0-1

[Event "Int. Stuttgarter Stadtmeisterschaft A"]
[Site "Ditzingen"]
[Date "2016.05.07"]
[Round "5.17"]
[White "Büter, Norbert"]
[Black "Schröder, Kevin"]
[Result "0-1"]
[WhiteElo "2053"]
[BlackElo "2361"]
[PlyCount "54"]
[EventDate "2016.??.??"]
[WhiteTeam "SpVgg Rommelshausen"]
[BlackTeam "SC Hansa Dortmund"]

1. d4 f5 2. g3 Nf6 3. Bg2 g6 4. Nf3 Bg7 5. O-O O-O 6. b4 d6 7. Bb2 Nbd7 8. c4
Qe8 9. Qb3 e5 10. c5+ Kh8 11. d5 dxc5 12. Ng5 c4 13. Qxc4 Nb6 14. Qb3 c6 15.
dxc6 bxc6 16. b5 e4 17. Nc3 h6 18. Nh3 Be6 19. Qc2 cxb5 20. Ba3 Rf7 21. Nf4 Rc7
22. Nxe6 Qxe6 23. Qd2 Nc4 24. Qf4 Rb7 25. Bc5 Nh5 26. Qc1 Rc8 27. Bd4 Bxd4 0-1

[Event "Int. Stuttgarter Stadtmeisterschaft A"]
[Site "Ditzingen"]
[Date "2016.05.07"]
[Round "5.18"]
[White "Jurasin, Marin"]
[Black "Dudek, Richard"]
[Result "0-1"]
[WhiteElo "2039"]
[BlackElo "2230"]
[PlyCount "70"]
[EventDate "2016.??.??"]
[WhiteTeam "SG Schönbuch"]
[BlackTeam "SC Eppingen"]

1. Nf3 Nf6 2. c4 b6 3. d4 e6 4. g3 Bb7 5. Bg2 Be7 6. O-O O-O 7. Nc3 Ne4 8. Qc2
Nxc3 9. Qxc3 c5 10. dxc5 bxc5 11. Rd1 d6 12. a3 Nc6 13. h4 Qc7 14. Be3 Bf6 15.
Qc2 Rab8 16. Rab1 a5 17. Bg5 Bd4 18. b4 h6 19. Bc1 axb4 20. axb4 Bf6 21. b5 Nb4
22. Qb3 Be4 23. Ne1 Bxb1 24. Qxb1 Rfd8 25. Bd2 d5 26. Bxb4 cxb4 27. cxd5 Rxb5
28. dxe6 fxe6 29. Nd3 b3 30. Rc1 Qa7 31. Nf4 b2 32. Rf1 Qa1 33. Nxe6 Qxb1 34.
Rxb1 Rc8 35. Be4 Re5 0-1

[Event "Int. Stuttgarter Stadtmeisterschaft A"]
[Site "Ditzingen"]
[Date "2016.05.07"]
[Round "5.19"]
[White "Haas, Wilhelm"]
[Black "Syed, Tareq"]
[Result "1-0"]
[WhiteElo "2191"]
[BlackElo "2010"]
[PlyCount "111"]
[EventDate "2016.??.??"]
[WhiteTeam "SC Erdmannhausen"]
[BlackTeam "SC Brett vorm Kopp"]

1. d4 d6 2. Nf3 c6 3. e3 Nf6 4. c4 Nbd7 5. Nc3 a6 6. a4 a5 7. Be2 e5 8. O-O Be7
9. Qc2 O-O 10. b3 Re8 11. Bb2 Qc7 12. h3 Nf8 13. Rfd1 Ng6 14. Rac1 Bd7 15. Bd3
Bf8 16. Rd2 Qc8 17. dxe5 Nxe5 18. Nh2 Nxd3 19. Qxd3 Bf5 20. Qe2 Ne4 21. Nxe4
Bxe4 22. f3 Bf5 23. g4 Bd7 24. Ba3 Qc7 25. Nf1 Re6 26. Rd3 Rae8 27. Rcd1 Rh6
28. Qh2 Qb6 29. c5 Qa7 30. cxd6 c5 31. Rc3 b6 32. Bc1 Bc6 33. e4 Rhe6 34. Bf4
Qd7 35. Ne3 g6 36. Nc4 Bg7 37. Rcd3 Rb8 38. Qd2 Ree8 39. Bg3 f6 40. Kh2 Kf7 41.
h4 Ba8 42. Qf4 Kg8 43. h5 g5 44. Qd2 h6 45. Ne3 Bf8 46. Nf5 Bb7 47. Qc3 Bg7 48.
Re3 Re6 49. Rde1 Ba6 50. e5 c4 51. Nxg7 Qxg7 52. exf6 Qxf6 53. Qxf6 Rxf6 54.
Re8+ Rf8 55. Rxb8 Rxb8 56. d7 1-0

[Event "Int. Stuttgarter Stadtmeisterschaft A"]
[Site "Ditzingen"]
[Date "2016.05.07"]
[Round "5.20"]
[White "Merk, Daniel"]
[Black "Gustain, Marc"]
[Result "1-0"]
[WhiteElo "1864"]
[BlackElo "2133"]
[PlyCount "89"]
[EventDate "2016.??.??"]
[WhiteTeam "Schach-Pinguine Sulzbach"]
[BlackTeam "SF Deizisau"]

1. d4 Nf6 2. c4 d6 3. Nc3 Bf5 4. Nf3 Nbd7 5. h3 e5 6. e3 h6 7. Be2 c6 8. O-O
Be7 9. b4 O-O 10. Bb2 Re8 11. c5 e4 12. Nd2 d5 13. b5 Nf8 14. bxc6 bxc6 15. Qa4
Qd7 16. Rfb1 Ng6 17. Bf1 Nh4 18. Ba3 Nh7 19. Ne2 Ng5 20. Nf4 Ne6 21. Nxe6 Qxe6
22. Rb7 Bxh3 23. gxh3 Qg6+ 24. Kh2 Qf5 25. Kg1 Bxc5 26. Bxc5 Re6 27. f4 exf3
28. Kf2 Qg5 29. Qb3 Nf5 30. Nxf3 Qg3+ 31. Ke2 Rae8 32. Ne5 f6 33. e4 Qh2+ 34.
Ke1 Rxe5 35. dxe5 Qxe5 36. Rd1 Qxe4+ 37. Kd2 Qf4+ 38. Kc2 Re3 39. Bxe3 Nxe3+
40. Kb1 Nxf1 41. Rb8+ Kf7 42. Rb7+ Kg8 43. Qd3 Ne3 44. Qg6 Nf5 45. Re1 1-0

[Event "Int. Stuttgarter Stadtmeisterschaft A"]
[Site "Ditzingen"]
[Date "2016.05.07"]
[Round "5.21"]
[White "Kessler, Andreas"]
[Black "Reichenbächer, Thomas"]
[Result "1-0"]
[WhiteElo "2128"]
[BlackElo "1990"]
[PlyCount "111"]
[EventDate "2016.??.??"]
[WhiteTeam "SG Reil-Kinheim"]
[BlackTeam "SVG Konstanz"]

1. d4 d5 2. Nf3 Nf6 3. Bg5 e6 4. e3 Be7 5. h3 O-O 6. Bd3 c5 7. c3 Ne4 8. Bxe7
Qxe7 9. Nbd2 f5 10. Qe2 c4 11. Bxe4 fxe4 12. Ne5 Nd7 13. f4 Nxe5 14. dxe5 Qh4+
15. Qf2 Qxf2+ 16. Kxf2 Bd7 17. h4 h5 18. Rhc1 g6 19. Rg1 Kf7 20. g4 Rh8 21. Rg2
Rag8 22. Rag1 Rh6 23. Nf1 hxg4 24. Rxg4 Rgh8 25. h5 Rxh5 26. Rxg6 R8h7 27. Rf6+
Ke7 28. Rgg6 Kd8 29. Rg8+ Kc7 30. Rfg6 Rh3 31. R8g7 Rxg7 32. Rxg7 Rh6 33. Kg2
Kc6 34. Ng3 a6 35. Ne2 Kc7 36. Nd4 Kc8 37. Rg8+ Kc7 38. Rg7 Kc8 39. Rg5 Kd8 40.
Ne2 Be8 41. Ng3 Rg6 42. Rxg6 Bxg6 43. Kh3 Ke7 44. Kg4 Kf7 45. Kg5 Bh7 46. a4 a5
47. f5 exf5 48. Ne2 Ke6 49. Kf4 Bg6 50. Nd4+ Kd7 51. Nxf5 Bh5 52. e6+ Kd8 53.
Ke5 Bd1 54. Kxd5 Bxa4 55. Kxc4 Bc6 56. Kd4 1-0

[Event "Int. Stuttgarter Stadtmeisterschaft A"]
[Site "Ditzingen"]
[Date "2016.05.07"]
[Round "5.22"]
[White "Wettengel, Alexander"]
[Black "Herold, Hansjoerg"]
[Result "1-0"]
[WhiteElo "2105"]
[BlackElo "1983"]
[PlyCount "83"]
[EventDate "2016.??.??"]
[WhiteTeam "Stuttgarter SF"]
[BlackTeam "SV Böckingen"]

1. e4 e5 2. Bc4 Nf6 3. d3 Be7 4. Nf3 Nc6 5. O-O d6 6. Re1 O-O 7. a4 Bg4 8. h3
Bh5 9. c3 Qd7 10. Nbd2 d5 11. exd5 Nxd5 12. Nxe5 Nxe5 13. Qxh5 Nxc4 14. Nxc4
Nf6 15. Qf3 c6 16. Ne5 Qc7 17. Bg5 Nd5 18. Bxe7 Nxe7 19. d4 Nd5 20. Re2 Rae8
21. Rae1 f6 22. Nd3 Qf7 23. Nc5 Rxe2 24. Rxe2 b6 25. Ne4 Qd7 26. Ng3 Re8 27.
Qf5 Qf7 28. Rxe8+ Qxe8 29. Ne4 Qe7 30. f3 Nc7 31. Kf2 Ne8 32. Qc8 Kf7 33. Qxc6
f5 34. Qd5+ Kg6 35. g4 Qh4+ 36. Ng3 fxg4 37. Qf5+ Kh6 38. Qxg4 Qg5 39. Nf5+ Kg6
40. Ne7+ Kf6 41. Qxg5+ Kxg5 42. Nc8 1-0

[Event "Int. Stuttgarter Stadtmeisterschaft A"]
[Site "Ditzingen"]
[Date "2016.05.07"]
[Round "5.23"]
[White "Martin, Dennis"]
[Black "Gerstenberger, Heinz"]
[Result "0-1"]
[WhiteElo "1928"]
[BlackElo "2101"]
[PlyCount "42"]
[EventDate "2016.??.??"]
[WhiteTeam "SK Rotenburg"]
[BlackTeam "Stuttgarter SF"]

1. e4 c5 2. Nf3 a6 3. b3 d6 4. d4 cxd4 5. Nxd4 Nf6 6. Bd3 g6 7. Bb2 Bg7 8. O-O
O-O 9. Nd2 Qc7 10. c4 Nc6 11. Nc2 d5 12. f4 dxe4 13. Nxe4 Nxe4 14. Bxg7 Rd8 15.
Be5 Nxe5 16. fxe5 Qc5+ 17. Kh1 Nf2+ 18. Rxf2 Qxf2 19. Qf1 Qxf1+ 20. Bxf1 Rd2
21. Ne3 Be6 0-1

[Event "Int. Stuttgarter Stadtmeisterschaft A"]
[Site "Ditzingen"]
[Date "2016.05.07"]
[Round "5.24"]
[White "Montigel, Philipp"]
[Black "Schallner, Marc"]
[Result "0-1"]
[WhiteElo "2097"]
[BlackElo "1975"]
[PlyCount "56"]
[EventDate "2016.??.??"]
[WhiteTeam "SV Stuttgart-Wolfbusch"]
[BlackTeam "SF Kornwestheim"]

1. b3 d5 2. Bb2 c5 3. e3 Nc6 4. Nf3 Nf6 5. Bb5 Bg4 6. h3 Bd7 7. O-O a6 8. Bxc6
Bxc6 9. Ne5 g6 10. Nxc6 bxc6 11. d3 Bg7 12. c4 O-O 13. Nc3 d4 14. Na4 Nd7 15.
e4 e5 16. Ba3 Qe7 17. g3 Rfb8 18. Qd2 f5 19. Rae1 f4 20. Kg2 Qg5 21. Bc1 Bh6
22. Qa5 Qh5 23. Qc7 f3+ 24. Kh2 Nf6 25. Rh1 Bxc1 26. Rxc1 Qh6 27. Rcd1 Ng4+ 28.
Kg1 Nxf2 0-1

[Event "Int. Stuttgarter Stadtmeisterschaft A"]
[Site "Ditzingen"]
[Date "2016.05.07"]
[Round "5.25"]
[White "Gabriel, Josef"]
[Black "Uso I Cubertorer, Lluis"]
[Result "0-1"]
[WhiteElo "2073"]
[BlackElo "1660"]
[PlyCount "118"]
[EventDate "2016.??.??"]
[WhiteTeam "Stuttgarter SF"]

1. e4 e6 2. d3 d5 3. Nd2 Nf6 4. Ngf3 Nc6 5. g3 Bc5 6. Bg2 dxe4 7. dxe4 e5 8.
O-O O-O 9. Qe2 Bg4 10. c3 a5 11. Qb5 Bb6 12. Nxe5 Nxe5 13. Qxe5 Be2 14. Qf4
Bxf1 15. Bxf1 Qd7 16. Be2 Rfe8 17. Bf3 Qd3 18. Bg2 h5 19. h3 Re6 20. Bf1 Qd7
21. Kg2 Rae8 22. f3 a4 23. Nc4 Qd1 24. Qd2 Rd8 25. Qxd1 Rxd1 26. Be2 Rg1+ 27.
Kh2 Re1 28. Bd3 Ba7 29. Rb1 b5 30. Na3 Rd6 31. Bc2 c6 32. Bf4 Re2+ 33. Kh1 Rd7
34. e5 Nh7 35. h4 Bc5 36. Bf5 Rd8 37. Nc2 Nf8 38. Be4 Ne6 39. Nd4 Bxd4 40. cxd4
Nxf4 41. gxf4 Rxd4 42. Bxc6 Rxf4 43. Bxb5 Rxh4+ 44. Kg1 Rxe5 45. Bd3 Rg5+ 46.
Kf2 Rh2+ 47. Ke3 Rgg2 48. b3 axb3 49. Rxb3 Rb2 50. Rc3 g5 51. Rc5 Rhg2 52. f4
Rg3+ 53. Ke4 Rb4+ 54. Bc4 Rg4 55. Kd3 gxf4 56. Rf5 h4 57. Bxf7+ Kg7 58. Bd5
Rg3+ 59. Kc2 h3 0-1

[Event "Int. Stuttgarter Stadtmeisterschaft A"]
[Site "Ditzingen"]
[Date "2016.05.07"]
[Round "5.26"]
[White "Pflaum, Stefan"]
[Black "Nettelbeck, Jann"]
[Result "1-0"]
[WhiteElo "2071"]
[BlackElo "1821"]
[PlyCount "37"]
[EventDate "2016.??.??"]
[WhiteTeam "SC Botnang"]
[BlackTeam "SC Bad Bergzabern"]

1. d4 Nf6 2. c4 g6 3. Nc3 d5 4. Bf4 c6 5. e3 Bg7 6. h3 O-O 7. Nf3 Nbd7 8. Be2
Ne4 9. cxd5 Nxc3 10. bxc3 cxd5 11. O-O b6 12. Bb5 a6 13. Bc6 Ra7 14. Bxd5 Nf6
15. Bb8 Nxd5 16. Bxa7 Be6 17. c4 Qa8 18. cxd5 Bxd5 19. Bxb6 1-0

[Event "Int. Stuttgarter Stadtmeisterschaft A"]
[Site "Ditzingen"]
[Date "2016.05.07"]
[Round "5.27"]
[White "Longo, Claudio"]
[Black "Döring, Andreas"]
[Result "1/2-1/2"]
[WhiteElo "1870"]
[BlackElo "2085"]
[PlyCount "91"]
[EventDate "2016.??.??"]
[WhiteTeam "SK Gräfelfing"]
[BlackTeam "SC Tamm"]

1. d4 Nf6 2. Nf3 g6 3. g3 Bg7 4. Bg2 O-O 5. O-O d5 6. Bf4 c6 7. Nbd2 Bf5 8. c4
Ne4 9. Be5 Bxe5 10. Nxe5 Nxd2 11. Qxd2 f6 12. Nf3 dxc4 13. Qc3 b5 14. a4 Be4
15. axb5 cxb5 16. Ra5 Qd5 17. Nh4 Bxg2 18. Nxg2 Qb7 19. Rfa1 a6 20. Nf4 Nc6 21.
R5a2 Rfe8 22. Ne6 Qb6 23. Qe3 Nb4 24. Qe4 Nxa2 25. Rxa2 Qd6 26. d5 a5 27. h4
Ra7 28. Qf3 Qe5 29. e4 a4 30. Qe3 Ra6 31. f4 Qb8 32. Kg2 Rxe6 33. dxe6 Qd6 34.
f5 Rd8 35. Kh3 Qe5 36. Ra3 gxf5 37. Qb6 Rd6 38. Qb8+ Kg7 39. Qe8 Rxe6 40. Re3
fxe4 41. h5 Rd6 42. h6+ Kxh6 43. Qf8+ Kg6 44. Qg8+ Kh6 45. Qf8+ Kg6 46. Qg8+
1/2-1/2

[Event "Int. Stuttgarter Stadtmeisterschaft A"]
[Site "Ditzingen"]
[Date "2016.05.07"]
[Round "5.28"]
[White "Imhof, Thomas"]
[Black "Hüttig, Michael"]
[Result "0-1"]
[WhiteElo "1930"]
[BlackElo "2164"]
[PlyCount "94"]
[EventDate "2016.??.??"]
[WhiteTeam "SGem Vaihingen-Rohr"]
[BlackTeam "SC Erdmannhausen"]

1. g3 Nf6 2. Bg2 d6 3. d4 g6 4. Nf3 Bg7 5. O-O O-O 6. c4 Nc6 7. Nc3 a6 8. d5
Na5 9. Qd3 c5 10. e4 b5 11. cxb5 axb5 12. Rd1 b4 13. Ne2 Ba6 14. Qc2 Nd7 15.
Bf4 Nc4 16. Rdb1 Nde5 17. h3 Qb6 18. Nxe5 Nxe5 19. Bxe5 Bxe5 20. f4 Bg7 21. Re1
c4+ 22. Kh2 b3 23. Qd2 Qf2 24. axb3 cxb3 25. Ra3 Bc4 26. Rxa8 Rxa8 27. Qb4 Bxb2
28. Ng1 Qc2 29. Qb7 Ra2 30. Nf3 Bd4 31. Nh4 Bf6 32. Qc8+ Kg7 33. Qg4 Bxh4 34.
gxh4 Qf2 35. Rg1 h5 36. Qg3 Qxg3+ 37. Kxg3 b2 38. Rb1 Bd3 39. Rxb2 Rxb2 40. e5
dxe5 41. fxe5 Rxg2+ 42. Kxg2 Be4+ 43. Kg3 Bxd5 44. Kf4 Be6 45. Kg3 Kf8 46. Kh2
Ke8 47. Kg3 Kd7 0-1

[Event "Int. Stuttgarter Stadtmeisterschaft A"]
[Site "Ditzingen"]
[Date "2016.05.07"]
[Round "5.29"]
[White "Frühsorger, Dieter"]
[Black "Klaus, Dominik"]
[Result "1-0"]
[WhiteElo "1907"]
[BlackElo "2068"]
[PlyCount "109"]
[EventDate "2016.??.??"]
[WhiteTeam "SK Schwäbisch Hall"]
[BlackTeam "Ssg Fils-Lauter"]

1. e4 c5 2. Nf3 d6 3. d4 cxd4 4. Qxd4 Nc6 5. Bb5 Bd7 6. Bxc6 Bxc6 7. Nc3 Nf6 8.
Bg5 e6 9. O-O-O Be7 10. e5 dxe5 11. Qxe5 Qb6 12. Be3 Qa6 13. Bc5 Nd7 14. Rxd7
Bxd7 15. Qxg7 Rf8 16. Bxe7 Kxe7 17. Ne5 Bc6 18. Qxh7 Kd6 19. Nxf7+ Kc5 20. Ne5
Rad8 21. Qe7+ Kb6 22. Qxe6 Rxf2 23. Nc4+ Kc7 24. Qe5+ Kc8 25. Nd6+ Rxd6 26.
Qxd6 Rxc2+ 27. Kb1 Rxg2 28. Rd1 Be4+ 29. Nxe4 Qxd6 30. Nxd6+ Kc7 31. Ne8+ Kc6
32. Rh1 Kd7 33. Nf6+ Ke6 34. Ne4 b5 35. h4 Ke5 36. Nc5 Kf6 37. h5 Kg7 38. h6+
Kh7 39. Ne4 Rg6 40. Rh2 a5 41. Kc2 b4 42. b3 Kh8 43. h7 Rg4 44. Kd3 Rf4 45. Kd4
Rf5 46. Nd6 Rf3 47. Ke5 Rf1 48. Ke6 Re1+ 49. Kf6 Rf1+ 50. Ke7 a4 51. Nf7+ Rxf7+
52. Kxf7 axb3 53. Rb2 bxa2 54. Rxa2 b3 55. Rb2 1-0

[Event "Int. Stuttgarter Stadtmeisterschaft A"]
[Site "Ditzingen"]
[Date "2016.05.07"]
[Round "5.30"]
[White "Reindl, Arno"]
[Black "Kasüschke, Lars"]
[Result "1/2-1/2"]
[WhiteElo "1738"]
[BlackElo "2013"]
[PlyCount "39"]
[EventDate "2016.??.??"]
[WhiteTeam "SG Schwäbisch Gmünd"]
[BlackTeam "SG Schwäbisch Gmünd"]

1. e4 e5 2. d4 exd4 3. Nf3 Nf6 4. e5 Ne4 5. Qxd4 d5 6. exd6 Nxd6 7. Bd3 Nc6 8.
Qe3+ Qe7 9. O-O Qxe3 10. Bxe3 Be7 11. Nc3 Be6 12. Nb5 Nxb5 13. Bxb5 Bd7 14. Nd4
Nxd4 15. Bxd7+ Kxd7 16. Bxd4 f6 17. Rad1 Ke8 18. Rfe1 Kf7 19. Rd3 Rhd8 20. Red1
1/2-1/2

[Event "Int. Stuttgarter Stadtmeisterschaft A"]
[Site "Ditzingen"]
[Date "2016.05.07"]
[Round "5.31"]
[White "Schnepel, Thomas"]
[Black "Wirth, Steffen"]
[Result "1-0"]
[WhiteElo "1907"]
[BlackElo "2001"]
[PlyCount "39"]
[EventDate "2016.??.??"]
[WhiteTeam "SC Pforzheim"]
[BlackTeam "SSV Zuffenhausen"]

1. e4 c5 2. Nf3 e6 3. d4 cxd4 4. Nxd4 Nc6 5. Nc3 Qc7 6. Be2 a6 7. O-O Nf6 8.
Be3 b5 9. Nxc6 dxc6 10. f4 b4 11. Na4 Nxe4 12. Bb6 Qd7 13. Qe1 Qd2 14. Qxd2
Nxd2 15. Rfd1 Rb8 16. Ba5 Ne4 17. Rd8+ Ke7 18. Rad1 Kf6 19. Kf1 g5 20. Bc7 1-0

[Event "Int. Stuttgarter Stadtmeisterschaft A"]
[Site "Ditzingen"]
[Date "2016.05.07"]
[Round "5.32"]
[White "Weis, Olga"]
[Black "Lehmann, Stefan"]
[Result "1-0"]
[WhiteElo "1902"]
[BlackElo "1903"]
[PlyCount "59"]
[EventDate "2016.??.??"]
[WhiteTeam "OSG Baden-Baden"]
[BlackTeam "Ssg Fils-Lauter"]

1. e4 e5 2. Nf3 Nc6 3. Bc4 Nf6 4. d3 Bc5 5. c3 d6 6. Bb3 a6 7. h3 Ba7 8. Nbd2
O-O 9. O-O Be6 10. Re1 Qd7 11. Nf1 h6 12. Ng3 Rfe8 13. Be3 Bxe3 14. fxe3 d5 15.
Nd2 d4 16. Bxe6 Rxe6 17. exd4 exd4 18. Nb3 b6 19. Nf5 dxc3 20. bxc3 Rd8 21.
Nbd4 Ree8 22. Re3 Ne5 23. Rg3 Ng6 24. Qf3 Kh7 25. Rf1 Rg8 26. Nxg7 Rxg7 27.
Qxf6 Rf8 28. Qf2 Ne5 29. Rxg7+ Kxg7 30. Qf6+ 1-0